000 01172nam a2200349 i 4500
003 EG-ScBUE
005 20241222095211.0
008 150628t2015 enka f d 001 0 eng d
020 _a1292062002
020 _a9781292062006
040 _aEG-ScBUE
_beng
_erda
_cEG-ScBUE
_dEG-ScBUE
082 0 4 _222
_bKAV
_a526.9
100 1 _aKavanagh, Barry F.,
_eauthor.
_912952
245 1 0 _aSurveying with construction applications /
_cBarry F. Kavanagh, Seneca College, Emeritus, Dianne K. Slattery, Missouri State University.
250 _aEighth edition.
250 _aGlobal edition.
264 1 _aHarlow :
_bPearson Education Limited,
_c[2015]
264 4 _cc2015
300 _a619 pages :
_billustrations ;
_c24 cm
336 _2rdacontent
_atext
_btxt
337 _2rdamedia
_aunmediated
_bn
338 _2rdacarrier
_avolume
_bnc
500 _aIncludes index.
500 _aIncludes glossary.
650 7 _2BUEsh
_91035
_aSurveying.
650 7 _aBuilding sites.
_2BUEsh
_912954
651 _2BUEsh
653 _bENGGEN
_cJune2015
_cAugust2015
_cSeptember2015
_cJanuary2016
655 _vReading book
700 1 _aSlattery, Dianne K.,
_eauthor.
942 _2ddc
_cBB
999 _c19987
_d19959